The Rolling Stones Most Streamed Songs on Spotify - Statistics

General Stats
  • This quiz has been taken 15 times
  • The average score is 10 of 17
Answer Stats
Streams Song % Correct
287,380,716 Brown Sugar
87%
454,672,568 Angie
80%
829,746,811 Start Me Up
80%
693,856,058 Sympathy For The Devil
80%
892,923,814 (I Can't Get No) Satisfaction
73%
1,588,066,031 Paint It, Black
73%
361,330,156 Wild Horses
73%
309,938,660 Miss You
60%
173,567,402 Under My Thumb
60%
235,585,839 You Can't Always Get What You Want
60%
241,284,377 Honky Tonk Women
53%
194,906,734 Jumpin' Jack Flash
53%
576,807,608 Beast of Burden
47%
753,815,167 Gimme Shelter
47%
130,793,066 Ruby Tuesday
47%
168,788,192 She's A Rainbow
27%
135,668,946 Can't You Hear Me Knocking
20%
No matching quizzes found
Score Distribution
Percent of People with Each Score
Percentile by Number Answered
Your Score History
You have not taken this quiz